Promotion and integrated marketing communications / (Record no. 2575)

000 -LEADER
fixed length control field 01023cam a22002894a 4500
001 - CONTROL NUMBER
control field 12252036
003 - CONTROL NUMBER IDENTIFIER
control field OSt
005 - DATE AND TIME OF LATEST TRANSACTION
control field 20160812130854.0
008 - FIXED-LENGTH DATA ELEMENTS--GENERAL INFORMATION
fixed length control field 001207s2002 ohuab b 001 0 eng
010 ## - LIBRARY OF CONGRESS CONTROL NUMBER
LC control number 00068752
020 ## - INTERNATIONAL STANDARD BOOK NUMBER
International Standard Book Number 0324062532 (core text with Info Trac)
020 ## - INTERNATIONAL STANDARD BOOK NUMBER
International Standard Book Number 0324125682 (core text only)
040 ## - CATALOGING SOURCE
Original cataloging agency DLC
Transcribing agency DLC
Modifying agency DLC
042 ## - AUTHENTICATION CODE
Authentication code pcc
050 00 - LIBRARY OF CONGRESS CALL NUMBER
Classification number HF5837.S45 2002
082 00 - DEWEY DECIMAL CLASSIFICATION NUMBER
Classification number 659.1
Edition number 21
100 1# - MAIN ENTRY--PERSONAL NAME
Personal name Semenik, Richard J.
245 10 - TITLE STATEMENT
Title Promotion and integrated marketing communications /
Statement of responsibility, etc Richard J. Semenik.
260 ## - PUBLICATION, DISTRIBUTION, ETC. (IMPRINT)
Place of publication, distribution, etc Cincinnati, Ohio :
Name of publisher, distributor, etc South-Western Thomson Learning,
Date of publication, distribution, etc c2002.
300 ## - PHYSICAL DESCRIPTION
Extent xxxix, 582 p. :
Other physical details ill. (some col.) ;
Dimensions 29 cm.
504 ## - BIBLIOGRAPHY, ETC. NOTE
Bibliography, etc Includes bibliographical references and indexes.
650 #0 - SUBJECT ADDED ENTRY--TOPICAL TERM
Topical term or geographic name as entry element Advertising campaigns.
650 #0 - SUBJECT ADDED ENTRY--TOPICAL TERM
Topical term or geographic name as entry element Communication in marketing.
906 ## - LOCAL DATA ELEMENT F, LDF (RLIN)
a 7
b cbc
c orignew
d 1
e ocip
f 20
g y-gencatlg
942 ## - ADDED ENTRY ELEMENTS (KOHA)
Source of classification or shelving scheme
Koha item type Book
Holdings
Withdrawn status Lost status Source of classification or shelving scheme Damaged status Not for loan Home library Current library Shelving location Date acquired Total Checkouts Full call number Barcode Date last seen Copy number Price effective from Koha item type
          Riara University Library Riara University Library General stack 03/08/2016   HF5837.S45 2002 7333/16 03/08/2016 C.1 03/08/2016 Book

Riara University Library,
P.O. Box 49940-00100,
Nairobi, Kenya.